000 00750nam a22002417a 4500
003 OSt
005 20251118111353.0
008 251118b |||||||| |||| 00| 0 eng d
020 _a971-767-121-4
040 _aDWC-main lib
_cOC
082 _aCirc. 610.73 C277 2005
100 _aNatividad, J.
245 _aCaring for older person
_cNatividad, Josefina N.
260 _aPhilippines :
_bUP Open University,
_c c2005
300 _a278 p. :
_c28 cm.
504 _aIncludes references
700 _aBonito, Shiela R.
700 _aManahan, Lydia T.
700 _aKuan, Letty G.
700 _aBarabagno, Araceli O.
700 _aAƱonuevo, Cora A.
942 _2ddc
_cBK-CIRC
_hCirc. 610.73 C277 2005
_kCirc.
_n0
999 _c5773
_d5773